000 00954nam a2200253Ia 4500
003 OSt
005 20221005112503.0
006 a|||||r|||| 00| 0
007 ta
008 221004b |||||||| |||| 00| 0 pan d
020 _a8171428932 (hbk)
024 _a17990
037 _bGift, 27/05/2015,
_cTextual
040 _aCRL
_cCRL
_bpan
041 _2pan
_apan
082 _aY73(P153):351, 153P9
100 _aਬਿਰਦੀ, ਮਹਿੰਦਰ ਸਿੰਘ
245 0 _aਪੰਜਾਬ ਦੇ ਲੋਕ ਗੀਤਾਂ ਵਿੱਚ ਪੰਜਾਬੀ ਸਭਿਆਚਾਰ ਦਾ ਚਿਤ੍ਰਣ
260 _aਚੰਡੀਗੜ
_bਲੋਕਗੀਤ ਪ੍ਰਕਾFਨ ਭਾਰਤ
_c2009
300 _a308ਪੰ
_ccm.
650 _aਪੰਜਾਬੀ ਸਾਹਿਤ
942 _hY73(P153):351, 153P9
_cTEXL
_2cc
999 _c1025027
_d1025027